Statistics for Keywords in Python Programming Language

Click here to take the quiz!

General Stats

  • This quiz has been taken 2,022 times
    (187 since last reset)
  • The average score is 16 of 38

Answer Stats

InitialKeyword% Correct
Iif
86%
for
84%
in
84%
else
78%
Ddef
74%
Wwhile
74%
Eelif
70%
Aand
68%
Oor
67%
not
57%
as
54%
Bbreak
53%
return
53%
TTrue
52%
class
50%
FFalse
50%
import
48%
continue
43%
try
40%
from
36%
except
34%
is
31%
NNone
31%
with
31%
Ccase
30%
Yyield
29%
Ppass
25%
del
21%
Gglobal
21%
Llambda
20%
Mmatch
20%
assert
19%
await
19%
finally
19%
async
18%
Rraise
17%
type
16%
nonlocal
9%

Score Distribution

Percentile by Number Answered

Percent of People with Each Score

Your Score History

You have not taken this quiz since the last reset